| 000 | 01003nam a2200265 i 4500 | ||
|---|---|---|---|
| 001 | 9720 | ||
| 003 | ES-MaACL | ||
| 005 | 20250728115934.0 | ||
| 007 | t| | ||
| 008 | 931130s1993 sp ||||1| spa d | ||
| 020 | _a84-87699-61-8 | ||
| 080 | _a9(=924)(46:100)"1492/1992" | ||
| 245 | 0 | 4 |
_aLos Judíos de España _b: historia de una diáspora, 1492-1992 / _cbajo la dirección de Henry Méchoulan ; prólogo de Edgar Morin. |
| 260 |
_aMadrid : _bTrotta : _bFundación Amigos de Sefarad : _bSociedad Quinto Centenario, _cD.L. 1993. |
||
| 300 |
_a668 p. ; _c23 cm. |
||
| 490 | 1 | _aColección Estructuras y procesos. Serie Historia | |
| 650 | 4 |
_aJudíos- _zEspaña- _xHistoria. _913985 |
|
| 700 | 1 |
_aMéchoulan, Henry. _979654 |
|
| 700 | 1 |
_aMorin, Edgar. _983564 |
|
| 710 | 2 |
_aFundación Amigos de Sefarad. _94214 |
|
| 710 | 2 |
_aSociedad Estatal Quinto Centenario. _96765 |
|
| 830 | 0 | 0 |
_aEstructuras y procesos. _pHistoria _9228061 |
| 852 |
_aES-MaACL _jL-17241 _bR.122198 |
||
| 999 |
_c9720 _d9720 |
||